000 00809nam a2200253 i 4500
001 63698
003 ES-MaACL
005 20230906164938.0
007 t|
008 031216s1984 sp ||||1| spa d
020 _a84-254-1281-1
100 1 _aFiedler, Peter A.
_950695
245 1 3 _aLa tartamudez
_b: teoría y tratamiento /
_cPeter A. Fiedler y Renate Standop ; versión castellana de Alfredo Guèra Miralles.
260 _aBarcelona :
_bHerder,
_c1984.
300 _a308 p. ;
_c22 cm.
490 1 _aBiblioteca de psicología ;
_v108
500 _aIndice.
504 _aBibliografía.
700 1 _aStandop, Renate.
_9107892
700 1 _aGuera Miralles, Alfredo.
_960449
830 0 _aBiblioteca de psicología ;
_v108
_9180745
852 _aES-MaACL
_jL-12001
_bR.114346
999 _c63698
_d63698